Hebrews (Record no. 2809)
[ view plain ]
| 000 -LEADER | |
|---|---|
| fixed length control field | 00404nam a22001577a 4500 |
| 005 - DATE AND TIME OF LATEST TRANSACTION | |
| control field | 20181018185333.0 |
| 008 - FIXED-LENGTH DATA ELEMENTS--GENERAL INFORMATION | |
| fixed length control field | 181018b ||||| |||| 00| 0 eng d |
| 040 ## - CATALOGING SOURCE | |
| Transcribing agency | DLC |
| 082 ## - DEWEY DECIMAL CLASSIFICATION NUMBER | |
| Classification number | 227.87 |
| Item number | S978H |
| 100 ## - MAIN ENTRY--PERSONAL NAME | |
| Personal name | Swindoll, Charles R. |
| 245 ## - TITLE STATEMENT | |
| Title | Hebrews |
| Statement of responsibility, etc. | Charles R. Swindoll |
| 260 ## - PUBLICATION, DISTRIBUTION, ETC. | |
| Place of publication, distribution, etc. | California |
| Name of publisher, distributor, etc. | Insight for Living |
| Date of publication, distribution, etc. | 1983 |
| 300 ## - PHYSICAL DESCRIPTION | |
| Extent | 76p,; |
| 650 ## - SUBJECT ADDED ENTRY--TOPICAL TERM | |
| Topical term or geographic name entry element | Bible- Hebrews |
| General subdivision | Bible |
| 942 ## - ADDED ENTRY ELEMENTS (KOHA) | |
| Source of classification or shelving scheme | Dewey Decimal Classification |
| Koha item type | Books |
No items available.
